All Around the Coast! Afro-Eurasian mainland - Statistics

General Stats
  • This quiz has been taken 1,637 times
  • The average score is 69 of 110
Answer Stats
# Country TYPE-IN % Correct
1 Gibraltar (United Kingdom) Strait of Gibraltar (north)
97%
2 Spain
97%
3 France
94%
4 Monaco
90%
6 Italy
86%
8 Croatia
83%
9 Bosnia and Herzegovina
82%
5 France
81%
13 Greece
81%
7 Slovenia
81%
14 Turkey Bosphorus (west)
81%
12 Albania
79%
24 Egypt Mouth of the Nile
78%
27 Algeria
76%
25 Libya
76%
11 Montenegro
76%
26 Tunisia
76%
28 Morocco
75%
23 Israel
73%
22 Lebanon
73%
21 Syria
73%
20 Turkey Bosphorus (east)
73%
10 Croatia
72%
15 Bulgaria
71%
16 Romania
71%
18 Russia Mouth of Don River
71%
17 Ukraine
71%
32 Morocco Strait of Gibraltar (south)
68%
45 Nigeria Mouth of Niger river
68%
34 Senegal
68%
35 Gambia
67%
19 Georgia
67%
54 South Africa Cape Agulhas (southernmost point of mainland Afro-Eurasia)
67%
33 Mauritania
66%
46 Cameroon
65%
51 Demcoratic Republic of Congo Mouth of Congo river
65%
57 Kenya
65%
29 Melilla (Spain)
65%
55 Mozambique
65%
53 Namibia
65%
36 Senegal Cap Vert (westernmost point of mainland Afro-Eurasia)
65%
58 Somalia
65%
43 Togo
65%
44 Benin
64%
41 Cote d'Ivoire
64%
59 Djibouti
64%
62 Egypt
64%
60 Eritrea
64%
42 Ghana
64%
38 Guinea
64%
40 Liberia
64%
30 Morocco
64%
56 Tanzania
64%
52 Angola
63%
31 Ceuta (Spain)
63%
37 Guinea-Bissau
63%
67 Oman
63%
65 Saudi Arabia
63%
39 Sierra Leone
63%
66 Yemen
63%
47 Equatorial Guinea
62%
49 Republic of Congo
62%
61 Sudan
62%
68 United Arab Emirates
62%
48 Gabon
61%
78 India Mouth of Ganges
61%
63 Israel
61%
79 Bangladesh
60%
77 Pakistan
60%
76 Iran Strait of Hormuz (north)
59%
75 Iraq
59%
64 Jordan
59%
74 Kuwait
59%
73 Saudi Arabia Bridge to Bahrain
59%
72 Qatar
58%
71 Saudi Arabia
58%
50 Cabinda (Angola)
57%
82 Malaysia Bridge to Singapore
57%
81 Thailand
57%
86 China
55%
69 Musandam (Oman) Strait of Hormuz (south)
55%
70 United Arab Emirates
55%
85 Vietnam
55%
80 Burma
54%
84 Cambodia
54%
90 Russia Cape Dezhnev and Cape Chelyuskin (easternmost and northernmost points of mainland Afro-Eurasia)
54%
83 Thailand
54%
87 North Korea
53%
89 North Korea
53%
88 South Korea
53%
95 Estonia
50%
93 Finland
50%
91 Norway
50%
94 Russia
50%
92 Sweden
50%
104 Belgium Antwerp
49%
96 Latvia
49%
97 Lithuania
49%
101 Denmark
48%
100 Germany
48%
102 Germany
48%
98 Kaliningrad Oblast (Russia)
48%
99 Poland
48%
103 Netherlands
47%
107 France
44%
105 Netherlands
44%
108 Spain
44%
106 Belgium
43%
109 Portugal
43%
110 Spain
43%
No matching quizzes found
Score Distribution
Percent of People with Each Score
Percentile by Number Answered
Your Score History
You have not taken this quiz